|
|
|
|
| LEADER |
00000cam a2200000 7i4500 |
| 001 |
0000002284 |
| 002 |
000002487 |
| 005 |
20000330.0 |
| 020 |
|
|
|a 9836237968
|
| 090 |
0 |
0 |
|a 297.63
|b ALS
|
| 100 |
1 |
|
|a Al-Sahhar, Abdul Hamid Jaudah
|
| 245 |
1 |
0 |
|a Tahun kesedihan
|c Abdul Hamid Jaudah Al-Sahhar ; penterjemah Safiah Abd. Razak
|
| 260 |
|
|
|a Kuala Lumpur :
|b Dewan Bahasa Dan Pustaka ,
|c 1993
|
| 300 |
|
|
|a 300 p. ;
|c 22 cm.
|
| 490 |
0 |
|
|a Karya 'Ibrah kisah para nabi
|
| 600 |
0 |
0 |
|a Muhammad, Prophet, d. 632
|
| 650 |
0 |
0 |
|a Islam
|x History
|
| 999 |
|
|
|a 035727
|b BUKU
|c PINJAMAN
|e PERPUSTAKAAN KOMUNITI PETALING JAYA
|